000 00709nam a2200217 a 4500
005 20240228063845.0
008 031016s2001 mx r 000 0 spa d
020 _a9681661818
035 _aUPN01000130255
049 _aI
050 4 _aPZ71
_bL4.3
100 1 _aLeñero Elu, María del Carmen,
_d1959-
_943304
245 1 1 _a¡Es una traviesa esa raya ! /
_cCarmen Leñero ; il. Luis Fernando Enríquez.
260 _aMéxico :
_bFCE,
_c2001.
300 _a[36] p. :
_bprinciplamente il. col.
440 4 _aLos especiales de a la orilla del viento
650 4 _aCuentos infantiles
_96744
650 4 _aLibros y lectura para niños
_92290
700 1 _aEnríquez, Luis Fernando,
_eil.
905 _aInfantil
999 _c102412
_d102412